000 00393 a2200145 4500
005 20250620165733.0
020 _a0-471-41016-0
082 _aLM 621.3 COM,
100 _aCOMER, D.
245 _aFundamentals of Electronic Circuit Design
260 _aHoboken,
_bJohn Wiley & Sons, Inc,
_c2003.
300 _axvii, 480p.; ill.: figure.
_bIndex.
_c26cm.
856 _yCOMER, D.
942 _2ddc
_cBKS
999 _c2123
_d2123